Possibility of default and sustainability in a random Rosca (Record no. 74321)

000 -LEADER
fixed length control field 01098pab a2200205 454500
008 - FIXED-LENGTH DATA ELEMENTS--GENERAL INFORMATION
fixed length control field 180718b2006 xxu||||| |||| 00| 0 eng d
100 ## - MAIN ENTRY--PERSONAL NAME
Personal name Guha, Samapti
245 ## - TITLE STATEMENT
Title Possibility of default and sustainability in a random Rosca
260 ## - PUBLICATION, DISTRIBUTION, ETC.
Date of publication, distribution, etc. 2006
300 ## - PHYSICAL DESCRIPTION
Extent p.147-64.
362 ## - DATES OF PUBLICATION AND/OR SEQUENTIAL DESIGNATION
Dates of publication and/or sequential designation Mar-Jun
520 ## - SUMMARY, ETC.
Summary, etc. An important reason behind rural poverty in the less developed countries is the lack of access to credit. In this context `Micro finance' programmes play a crucial role. The most common form of micro finance institution in India is rotating savings and credit associatins (Rosca). This paper develops a stylized model where possibility of default exists in a Rosca. We investigate if the Rosca can survive even when some members default. Consequently, this model analyses the condition for sustainability of the Rosca in presence of default. Policy implications of this result are also discussed. - Reproduced.
650 ## - SUBJECT ADDED ENTRY--TOPICAL TERM
Topical term or geographic name entry element Credit - India
650 ## - SUBJECT ADDED ENTRY--TOPICAL TERM
Topical term or geographic name entry element Poverty - India
650 ## - SUBJECT ADDED ENTRY--TOPICAL TERM
Topical term or geographic name entry element Poverty
700 ## - ADDED ENTRY--PERSONAL NAME
Personal name Gupta, Gautam
773 ## - HOST ITEM ENTRY
Main entry heading Artha Vijnana
908 ## - PUT COMMAND PARAMETER (RLIN)
Put command parameter N
909 ## -
-- 74321
Holdings
Withdrawn status Lost status Damaged status Not for loan Permanent Location Current Location Date acquired Serial Enumeration / chronology Barcode Date last seen Price effective from Koha item type
        Indian Institute of Public Administration Indian Institute of Public Administration 2018-07-19 Volume no: 48, Issue no: 1-2 AR74781 2018-07-19 2018-07-19 Articles

Powered by Koha